000
00273nam a2200121Ia 4500
003
OSt
008
201106b ||||| |||| 00| 0 eng d
100
_a
XIANG, Zhigang
245
_a
Computer Graphics
260
_a
N. Delhi
_b
TMH
_c
2016
300
_a
407.
942
_2
ddc
_c
BK
999
_c
6013
_d
6013